ბათუმის შოთა რუსთაველის სახელმწიფო უნივერსიტეტის ბიბლიოთეკა

MENSCHEN A2.1 : (ბიბ.ჩანაწერი № 55505)

000 -LEADER
fixed length control field 00793nam a2200253Ia 4500
001 - CONTROL NUMBER
control field 22587
003 - CONTROL NUMBER IDENTIFIER
control field GE_BSU
005 - DATE AND TIME OF LATEST TRANSACTION
control field 20230330145405.0
008 - FIXED-LENGTH DATA ELEMENTS--GENERAL INFORMATION
fixed length control field 181216s ||||-ge|||||||||||||| ||fre||
020 ## - INTERNATIONAL STANDARD BOOK NUMBER
International Standard Book Number 9783193019029
040 ## - CATALOGING SOURCE
Transcribing agency GE_BSU
080 ## - UNIVERSAL DECIMAL CLASSIFICATION NUMBER
Universal Decimal Classification number 811.112.1 H-24
100 ## - MAIN ENTRY--PERSONAL NAME
Personal name Habersack, Charlotte
9 (RLIN) 17371
245 ## - TITLE STATEMENT
Title MENSCHEN A2.1 :
Remainder of title DEUTSCH ALS FREMDSPRACHE KURSBUCH /
Statement of responsibility, etc. Charlotte Habersack, Angela Pude, Franz Specht.
264 ## - PRODUCTION, PUBLICATION, DISTRIBUTION, MANUFACTURE, AND COPYRIGHT NOTICE
Place of production, publication, distribution, manufacture Munchen :
Name of producer, publisher, distributor, manufacturer Hueber Verlag,
Date of production, publication, distribution, manufacture, or copyright notice 201.
300 ## - PHYSICAL DESCRIPTION
Extent 100 p. :
Other physical details ill ;
Dimensions 29 см.
Accompanying material +1DVD-Rom A2.1
653 ## - INDEX TERM--UNCONTROLLED
keyword MENSCHEN A2.1
653 ## - INDEX TERM--UNCONTROLLED
keyword DEUTSCH ALS FREMDSPRACHE KURSBUCH
653 ## - INDEX TERM--UNCONTROLLED
keyword გერმანული ენა
700 ## - ADDED ENTRY--PERSONAL NAME
Personal name Pude, Angela
Relator term by
9 (RLIN) 17377
700 ## - ADDED ENTRY--PERSONAL NAME
Personal name Specht, Franz
Relator term by
9 (RLIN) 17378
942 ## - ADDED ENTRY ELEMENTS (KOHA)
Koha item type წიგნი
Source of classification or shelving scheme
ეგზემპლარები
Withdrawn status Lost status Source of classification or shelving scheme Damaged status Not for loan Permanent Location Current Location Shelving location Date acquired Cost, normal purchase price Full call number Barcode Date last seen Copy number Price effective from Koha item type Public note
          ბათუმის შოთა რუსთაველის სახელმწიფო უნივერსიტეტის მთავარი ბიბლიოთეკა ბათუმის შოთა რუსთაველის სახელმწიფო უნივერსიტეტის მთავარი ბიბლიოთეკა წიგნსაცავი 2018-12-17 42.00 811.112.1 H-24 57861 2018-12-17 57861 2018-12-17 წიგნი 42.00 GEL.